000 00555nam a2200169 a 4500
008 120416s1973 ||||||||||||||||| || u
050 _aBC 108 Mor
100 _aMorse, Warner
245 1 0 _aLogic and philosophy
250 _a2nd ed.
260 _aBelmont, California
_bWadsworth Publishing Company
_c1973
300 _aviii, 215p. : ill.
350 _a0.00
650 _aPHILOSOPHY
650 _aLOGIC
995 _D0.00
_FCBU-MAIN LIBRARY (Kitwe)
_H1
_I4.70
_M1
_UDAMAGED
_ZMain Library Open Access Collection
999 _c49468
_d49468